000
00214nam a22000977a 4500
999
_c
16092
_d
16092
003
OSt
008
191105b ||||| |||| 00| 0 eng d
100
_a
Vasudevan nair,M T.
_9
4299
245
_a
Arabhi ponnu
942
_c
BK